[Event "West Bromwich Midland op-A"]
[Site "West Bromwich"]
[Date "2017.08.13"]
[Round "4"]
[White "Sneberg, John"]
[Black "Arkell, Keith C"]
[Result "0-1"]
[WhiteElo "2179"]
[BlackElo "2414"]
[PlyCount "190"]
[EventDate "2017.08.11"]
[EventType "swiss"]
[EventRounds "5"]
[EventCountry "ENG"]
[SourceTitle "CBM 180 Extra"]
[Source "ChessBase"]
[SourceDate "2017.10.06"]
[SourceVersion "1"]
[SourceVersionDate "2017.10.06"]
[SourceQuality "1"]

1. e4 c6 2. d4 d5 3. e5 c5 4. dxc5 Nc6 5. Bb5 e6 6. Be3 Nge7 7. c3 Bd7 8. Bxc6 Nxc6 9. f4 g5 10. fxg5 h6 11. Nf3 hxg5 12. Bxg5 Be7 13. Bxe7 Qxe7 14. Qe2 Qxc5 15. Nbd2 0-0-0 16. Nb3 Qb6 17. 0-0-0 Rdg8 18. g3 Rg4 19. Qd3 Rh5 20. Rhe1 Qc7 21. Nbd4 Nxd4 22. Nxd4 Rxh2 23. Qf3 Rg7 24. Rd2 Rh3 25. Rg2 Qd8 26. Qf4 Qg5 27. Qxg5 Rxg5 28. Re3 Kd8 29. Kd2 Ke7 30. b3 Rh1 31. a4 b6 32. Kd3 Kf8 33. a5 bxa5 34. Ra2 a4 35. bxa4 Rh3 36. a5 Rgxg3 37. Rae2 Rxe3+ 38. Rxe3 Rh1 39. Nc2 Rd1+ 40. Ke2 Rb1 41. Kd3 Rb5 42. a6 Ra5 43. Nb4 Bb5+ 44. Kd4 Bxa6 45. Rh3 Bc4 46. Rh8+ Kg7 47. Ra8 Ra1 48. Nc6 a6 49. Ra7 Rf1 50. Kc5 Kg6 51. Kd6 Rf3 52. Nd8 Bb3 53. Rc7 a5 54. Ra7 a4 55. Ke7 Rh3 56. Kd6 Rh8 57. Nc6 Rh7 58. Ra8 Kg5 59. Nd4 Rh3 60. Rg8+ Kf4 61. Rf8 Ke4 62. Rxf7 Rxc3 63. Nxe6 Ke3 64. Ra7 d4 65. Nxd4 Kxd4 66. e6 Rh3 67. e7 Rh8 68. Kd7 Bf7 69. Rxa4+ Ke5 70. Ra5+ Kf6 71. Ra6+ Kg7 72. Ra1 Be8+ 73. Kd6 Rh6+ 74. Kc7 Kf7 75. Re1 Rc6+ 76. Kd8 Rd6+ 77. Kc8 Rd2 78. Re3 Bd7+ 79. Kc7 Ke8 80. Re1 Rc2+ 81. Kd6 Rc6+ 82. Kd5 Ra6 83. Re3 Kf7 84. Kc5 Be6 85. Kb5 Ra8 86. Kc5 Kxe7 87. Re1 Rc8+ 88. Kd4 Kd6 89. Ra1 Rc4+ 90. Kd3 Rh4 91. Ra8 Ke5 92. Re8 Rh3+ 93. Kd2 Kd5 94. Ra8 Kd4 95. Rf8 Rh2+ 0-1